Optimisation of media components for somatic embryogenesis from anthers of Hevea brasiliensis (Record no. 51639)

MARC details
000 -LEADER
fixed length control field 00556nam a2200193Ia 4500
100 ## - MAIN ENTRY--AUTHOR NAME
Personal name Das K.
245 #0 - TITLE STATEMENT
Title Optimisation of media components for somatic embryogenesis from anthers of Hevea brasiliensis
260 ## - PUBLICATION, DISTRIBUTION, ETC. (IMPRINT)
Name of publisher Indian Journal of Natural Rubber Research
Year of publication 2003
300 ## - PHYSICAL DESCRIPTION
Number of Pages 60-65
650 ## - SUBJECT ADDED ENTRY--TOPICAL TERM
Topical Term Anther culture
650 ## - SUBJECT ADDED ENTRY--TOPICAL TERM
Topical Term Clone evaluation
650 ## - SUBJECT ADDED ENTRY--TOPICAL TERM
Topical Term Multiple shoot
650 ## - SUBJECT ADDED ENTRY--TOPICAL TERM
Topical Term Phytohormone
650 ## - SUBJECT ADDED ENTRY--TOPICAL TERM
Topical Term Somatic embryogenesis
700 ## - ADDED ENTRY--PERSONAL NAME
Personal name Das G.
700 ## - ADDED ENTRY--PERSONAL NAME
Personal name Dey S.K.
942 ## - ADDED ENTRY ELEMENTS (KOHA)
Koha item type Bibliography STAF
Holdings
Withdrawn status Lost status Damaged status Not for loan Home library Current library Date acquired Serial Enumeration / chronology Koha item type
      Bibliography RRII Library RRII Library 09/04/2014 Volume 16, Issue 1&2 Bibliography STAF